000 00552nam a22002177a 4500
003 UA-OsUOA
001 40064
007 ta
008 20060711b un ||||| |||| 00| 0 ukr d
090 _a238
_bК29
942 _cBK
040 _aUA-OsUOA
_brus
_cUA-OsUOA
_dUA-OsUOA
245 _aКатехизис
300 _a416 с.
955 _a2
041 _arus
080 _a238
260 _aК.
_bИзд-е украинской православной церкви
_c1991
650 7 _a2 Релігія. Теологія.
_2UDC
999 _c326205
_d326205